000 00403nam a2200169Ia 4500
008 230524s9999 xx 000 0 und d
020 _a9781107670266
082 _a428.24
_bMUR
100 _aRaymond Murphy
245 0 _aEnglish Grammar in Use
250 _a4
260 _aNew Delhi
_bCambridge
_c2017
300 _a"X,380p;"
500 _aQuantity Number: 50
650 _aEnglish
942 _cBK
999 _c59616
_d59616